000 00309nam a2200121Ia 4500
005 20260328101445.0
008 260328s9999||||xx |||||||||||||| ||und||
100 _aViñoli, Rafael
245 0 _aRafael Viñoli /
_cRafael Viñoli
260 _bPrinceton Architectural Press
650 _aARQUITECTOS
942 _cBK
999 _c8417
_d8417